[Event "TUR-ch (Women)"]
[Site "Antalya"]
[Date "2018.03.07"]
[Round "5"]
[White "Yilmaz, Ezgi"]
[Black "Tokat, Nehir"]
[Result "1-0"]
[WhiteElo "1883"]
[BlackElo "1577"]
[PlyCount "115"]
[EventDate "2018.03.05"]
[EventType "swiss"]
[EventRounds "9"]
[EventCountry "TUR"]
[SourceTitle "CBM 183 Extra"]
[Source "ChessBase"]
[SourceDate "2018.04.19"]
[SourceVersion "1"]
[SourceVersionDate "2018.04.19"]
[SourceQuality "1"]

1. e4 c5 2. Nf3 Nc6 3. d4 cxd4 4. Nxd4 g6 5. Nxc6 bxc6 6. Bc4 Nf6 7. Nc3 d6 8. 0-0 Bg7 9. h3 0-0 10. Bg5 h6 11. Be3 Bb7 12. Qd2 Kh7 13. Rad1 Qc7 14. f4 a5 15. Qd3 Rad8 16. Qe2 d5 17. exd5 cxd5 18. Bb3 Ne4 19. Nxe4 dxe4 20. Rxd8 Qxd8 21. Rd1 Qc7 22. Qb5 Bc6 23. Qc5 e6 24. c3 Rc8 25. Bc2 Bf8 26. Qd4 Bg7 27. Qc5 Bf8 28. Qd4 Bg7 29. Qd2 a4 30. b3 axb3 31. axb3 Qa5 32. Bd4 Rd8 33. Qe3 Bxd4 34. Rxd4 Rxd4 35. Qxd4 Qa1+ 36. Kh2 Qc1 37. Qf2 Qb2 38. c4 Qc3 39. Qe2 e3 40. Kg3 e5 41. f5 Qd4 42. fxg6+ fxg6 43. Kh2 Qf4+ 44. Kg1 Qd4 45. Kh1 Qf4 46. Bd3 Bd7 47. b4 Bc6 48. b5 Bb7 49. Qg4 Qf7 50. Qe2 Qf4 51. c5 e4 52. Bc4 Qg5 53. c6 Bc8 54. b6 Qe7 55. Qxe3 Kg7 56. Bd5 Qb4 57. Qxe4 Qxb6 58. Qe7+ 1-0

[Event "TUR-chT 2nd League"]
[Site "Konya"]
[Date "2017.07.23"]
[Round "9.14"]
[White "Tokat, Nehir"]
[Black "Doganoglu, Doga"]
[Result "1-0"]
[WhiteElo "1699"]
[BlackElo "1166"]
[PlyCount "46"]
[EventDate "2017.07.17"]
[EventType "team-swiss"]
[EventRounds "9"]
[EventCountry "TUR"]
[SourceTitle "EXT 2018"]
[Source "ChessBase"]
[SourceDate "2017.10.13"]
[SourceVersion "1"]
[SourceVersionDate "2017.10.13"]
[SourceQuality "1"]
[WhiteTeam "Pamukkale Yonetimi"]
[BlackTeam "Mersin Zeka"]
[WhiteTeamCountry "TUR"]
[BlackTeamCountry "TUR"]

1. d4 Nf6 2. c4 e6 3. Nc3 Bb4 4. e3 b6 5. Nge2 Bb7 6. a3 Bxc3+ 7. Nxc3 d6 8. f3 d5 9. Bd3 Nbd7 10. e4 dxe4 11. fxe4 Qe7 12. 0-0 0-0-0 13. b4 h5 14. Bg5 Rdg8 15. Qe2 Qf8 16. c5 h4 17. Ba6 h3 18. g3 Nh7 19. Be3 g5 20. c6 Qe7 21. Bxb7+ Kb8 22. Qa6 Ndf6 23. Nb5 Nxe4 1-0

[Event "TUR-chT 2nd League"]
[Site "Konya"]
[Date "2017.07.20"]
[Round "5.14"]
[White "Tokat, Nehir"]
[Black "Mustu, Hatice Asli"]
[Result "1-0"]
[WhiteElo "1699"]
[BlackElo "1362"]
[PlyCount "141"]
[EventDate "2017.07.17"]
[EventType "team-swiss"]
[EventRounds "9"]
[EventCountry "TUR"]
[SourceTitle "CBM 179 Extra"]
[Source "ChessBase"]
[SourceDate "2017.08.23"]
[SourceVersion "1"]
[SourceVersionDate "2017.08.23"]
[SourceQuality "1"]
[WhiteTeam "Pamukkale Yonetimi"]
[BlackTeam "Izmir Cesme Belediye"]
[WhiteTeamCountry "TUR"]
[BlackTeamCountry "TUR"]

1. d4 d5 2. c4 e6 3. Nc3 Nf6 4. e3 c6 5. Nf3 Be7 6. Bd3 dxc4 7. Bxc4 Nbd7 8. 0-0 Nb6 9. Bb3 0-0 10. Bc2 Re8 11. e4 Nfd7 12. Qd3 Nf8 13. Ne5 Nbd7 14. f4 Bf6 15. Nf3 h6 16. e5 Be7 17. Ne4 Nb6 18. Ng3 f5 19. exf6 Bxf6 20. Ne5 Nd5 21. a3 Ne7 22. Ne2 b6 23. g4 Bb7 24. Qg3 Rc8 25. b4 c5 26. Ba4 Nc6 27. dxc5 bxc5 28. Be3 Qc7 29. Rac1 Bxe5 30. fxe5 cxb4 31. axb4 Red8 32. b5 Qa5 33. bxc6 Ba6 34. Bd1 Rxd1 35. Rfxd1 Bxe2 36. Rd2 Bb5 37. Rdc2 Qc7 38. Bd4 a6 39. Qe3 Qd8 40. Bb6 Qe8 41. Qe4 Nh7 42. h4 g5 43. h5 Nf8 44. Qf3 Nh7 45. Rc3 Qf7 46. Qxf7+ Kxf7 47. R1c2 Ke8 48. Kf2 Nf8 49. Ke3 Ba4 50. Rc1 Bb5 51. Kd4 Nh7 52. Ke3 Nf8 53. Rc5 Ke7 54. Kd2 Ke8 55. R1c3 Nh7 56. Kc1 Ke7 57. Kb2 Ke8 58. Ka3 Ke7 59. Ba5 Ke8 60. Rc2 Ke7 61. R5c3 Ke8 62. Kb4 Ke7 63. Bb6 Ke8 64. Ka5 Nf8 65. Be3 Rb8 66. Rd2 Rc8 67. Rd6 Rb8 68. Bb6 Rc8 69. Rc2 Nh7 70. Rxe6+ Kf7 71. Rxh6 1-0

[Event "TUR-ch (Women)"]
[Site "Aksu"]
[Date "2017.03.08"]
[Round "5"]
[White "Tokat, Nehir"]
[Black "Dirican, Feride"]
[Result "1-0"]
[WhiteElo "1362"]
[BlackElo "1241"]
[PlyCount "119"]
[EventDate "2017.03.06"]
[EventType "swiss"]
[EventRounds "9"]
[EventCountry "TUR"]
[SourceTitle "CBM 177 Extra"]
[Source "ChessBase"]
[SourceDate "2017.04.27"]
[SourceVersion "1"]
[SourceVersionDate "2017.04.27"]
[SourceQuality "1"]

1. d4 Nf6 2. c4 e5 3. dxe5 Ng4 4. Bf4 Bc5 5. e3 Nc6 6. Qxg4 g6 7. Nf3 Nb4 8. Na3 Nc6 9. Bg5 Be7 10. Bxe7 Qxe7 11. Nc2 d6 12. Qg5 Qxg5 13. Nxg5 dxe5 14. 0-0-0 Bf5 15. e4 Bc8 16. h3 f6 17. Nf3 Be6 18. Be2 a6 19. Ne3 Rc8 20. Nd5 Kf7 21. Nd2 b6 22. c5 b5 23. a4 Nd4 24. Bd3 Rhd8 25. Kb1 Rd7 26. Nc3 Rcd8 27. Bc2 b4 28. Nd5 Kg7 29. Nxb4 a5 30. Nd5 f5 31. f3 Bxd5 32. exd5 Rxd5 33. Nb3 Ra8 34. Nxd4 exd4 35. Rhe1 Kf6 36. Bb3 Rd7 37. Re6+ Kg5 38. c6 Rdd8 39. Re7 Ra7 40. Rxh7 d3 41. h4+ Kf4 42. Rd7 Re8 43. R7xd3 Kg3 44. R3d2 Kxh4 45. Rh1+ Kg5 46. Rh7 Re1+ 47. Ka2 Re8 48. Rdd7 Rc8 49. Rdg7 Kf6 50. Bf7 g5 51. Rg6+ Ke5 52. Rxg5 Kf6 53. Rg6+ Ke5 54. Re6+ Kd4 55. Rh4+ Kd3 56. Rf4 Rb8 57. Bg6 Ra6 58. Bxf5+ Kd2 59. Rd4+ Kc1 60. Re1# 1-0

[Event "TUR Cup"]
[Site "Antalya"]
[Date "2017.02.02"]
[Round "8"]
[White "Tokat, Nehir"]
[Black "Simsek, Ibrahim"]
[Result "1-0"]
[WhiteElo "1410"]
[BlackElo "1345"]
[PlyCount "43"]
[EventDate "2017.01.28"]
[EventType "swiss"]
[EventRounds "11"]
[EventCountry "TUR"]
[SourceTitle "CBM 176 Extra"]
[Source "ChessBase"]
[SourceDate "2017.03.02"]
[SourceVersion "1"]
[SourceVersionDate "2017.03.02"]
[SourceQuality "1"]

1. d4 Nf6 2. c4 c6 3. Nc3 d5 4. Nf3 Bg4 5. Ne5 Nbd7 6. Nxg4 Nxg4 7. cxd5 cxd5 8. Nxd5 Qa5+ 9. Nc3 e5 10. e3 exd4 11. Qxd4 Ngf6 12. Bb5 0-0-0 13. Qc4+ Nc5 14. b4 Qc7 15. bxc5 Bxc5 16. 0-0 a6 17. a4 axb5 18. Nxb5 Qe7 19. Ba3 Rd5 20. Rac1 Qe4 21. Nd6+ Rxd6 22. Qxc5+ 1-0

[Event "TUR-chT2"]
[Site "Konya"]
[Date "2016.07.18"]
[Round "2.9"]
[White "Tokat, Nehir"]
[Black "Celik, Akarsu Bengi"]
[Result "1-0"]
[WhiteElo "1402"]
[BlackElo "1486"]
[PlyCount "74"]
[EventDate "2016.07.17"]
[EventType "team-swiss"]
[EventRounds "9"]
[EventCountry "TUR"]
[SourceTitle "CBM 173 Extra"]
[Source "ChessBase"]
[SourceDate "2016.08.29"]
[SourceVersion "1"]
[SourceVersionDate "2016.08.29"]
[SourceQuality "1"]
[WhiteTeam "Denizli Pamukkale Yonetimi"]
[BlackTeam "Izmir Karsiyaka"]
[WhiteTeamCountry "TUR"]
[BlackTeamCountry "TUR"]

1. d4 g6 2. e4 Bg7 3. f4 d6 4. Nf3 Nh6 5. Nc3 Bg4 6. Be3 Nd7 7. h3 Bxf3 8. Qxf3 e5 9. dxe5 dxe5 10. 0-0-0 exf4 11. Bxf4 c6 12. g4 Qa5 13. g5 Ng8 14. Bc4 f6 15. gxf6 Ngxf6 16. e5 Nh5 17. e6 Nb6 18. Bd6 Qf5 19. Qxf5 gxf5 20. Be2 Nf6 21. Rhf1 Nc8 22. Ba3 Ne7 23. Bf3 Rg8 24. Ne2 Ned5 25. Rd3 Bh6+ 26. Kb1 f4 27. Bc5 b6 28. Bf2 0-0-0 29. Rfd1 Nb4 30. Rxd8+ Rxd8 31. Rxd8+ Kxd8 32. a3 Nbd5 33. Nd4 Kc7 34. Nf5 Bf8 35. Kc1 Ne3 36. Nh6 Bg7 37. Nf7 Nf5 1-0